000 00438nam a2200193Ia 4500
001 13395
003 GE_BSU
008 181216s||||||||xx |||||||||||||| ||und||
040 _cGE_BSU
080 _a821.111-3
100 _aChesterton,G.K.
245 4 _aThe father brown stories.
260 _aLondon.
260 _bCassell and Company.
260 _c1953
300 _a715p;22cm.
653 _aThe father brown stories.
942 _cBK
999 _c46556
_d46556